| 000 | 00629nam a22001937a 4500 | ||
|---|---|---|---|
| 005 | 20160812163436.0 | ||
| 010 | _aENG-115723 | ||
| 020 |
_a8190949262 _c399.00 |
||
| 020 |
_a9788170949268 _c399.00 |
||
| 035 | _aEN-99285 | ||
| 037 | _bDBAD/PUB | ||
| 082 | _a343.5405245 | ||
| 100 | _aLakhotia,R.N | ||
| 245 |
_aHow To save tax on capital gains : _bAssessment year 2015-2016 / _cby R. N. Lakhotia [and] Subhash Lakhotia |
||
| 260 |
_aNew Delhi _bVision Books _c2014 |
||
| 270 |
_a24 Feroze Gandhi Road,Lajpat Nagar 3 _bNew Delhi _e110024 |
||
| 300 |
_a216p. _c22cm(pbk) |
||
| 942 |
_2ddc _cEN _h343.5405245 _mLAK |
||
| 999 |
_c102307 _d102307 |
||